000 00466nam a2200157 i 4500
001 97909
003 ES-MaACL
005 20230906182200.0
007 t|
008 050719s1963 sp ||||1| spa d
100 1 _aMaristany Orduña, Gabriel.
_976902
245 1 0 _aFarolillos de verbena /
_cGabriel Maristany Orduña.
260 _aCastellón de la Plana :
_b[s.n.],
_c1963 (
_fSeriols Sichet)
300 _a122 p. ;
_c17 cm.
852 _aES-MaACL
_jC-25542
_bR.53879
999 _c97909
_d97909